| 000 | 00697nam a2200229Ia 4500 | ||
|---|---|---|---|
| 003 | GCL | ||
| 008 | 140319s9999 xx 000 0 ara d | ||
| 040 |
_aGCL / _cGCL |
||
| 082 | 0 | 4 |
_a327.11 _bس ش |
| 100 | 1 | _aسليمان فهد | |
| 245 | 1 | 0 |
_aشاهد على زمان الاحتلال العراقى فى الكويت2\8\1990 26\2\1991 / _cسليمان فهد |
| 260 |
_a[S.N] : _bمكتبة مدبولى |
||
| 300 | _a263 ص | ||
| 490 | _a | ||
| 650 | 0 | 4 | _aالكويت |
| 650 | 0 | 4 | _aالعالم العربى |
| 650 | 0 | 4 | _aالاحوال السياسية |
| 650 | 0 | 4 | _aالعراق |
| 650 | 0 | 4 | _aالمقاومة الشعبية |
| 650 | 0 | 4 | _aحرب الخليج |
| 942 |
_2ddc _cBK |
||
| 999 |
_c28718 _d28718 |
||